Geometry Dash Demon List Musics - Statistiques

Statistiques générales
  • Ce quiz a été pris 52 fois
  • Le résultat moyen est 9 sur 10
Statistiques - réponses
Question Réponse % Correct
The Music Is : "Every End..." Every End
100%
The Music Is : "Flamewall" Flamewall
98%
The Music Is : "Clubstep" Silent Clubstep
98%
The Music Is : "Ricochet Love" Amethyst
94%
The Music Is : "SR20DET" Andromeda
94%
The Music Is : "Shiawase VIP" Tidal Wave
94%
The Music Is : "I Can't Fix You" Anathema
92%
The Music Is : "Flow" Nullscapes
92%
The music Is : "Portal To The Other Side" BOOBAWAMBA
85%
The Music Is : "Nuke Powder" Thinking Space II
83%
Aucun quiz correspondant
Distribution des résultats
% des personnes avec chaque résultat
Percentile par nombre de réponses
Votre historique - résultats
Vous n’avez pas pris ce quiz